<?xml version="1.0" encoding="UTF-8"?>
<record
    xmlns:xsi="http://www.w3.org/2001/XMLSchema-instance"
    xsi:schemaLocation="http://www.loc.gov/MARC21/slim http://www.loc.gov/standards/marcxml/schema/MARC21slim.xsd"
    xmlns="http://www.loc.gov/MARC21/slim">

  <leader>05381nam a2200613 i 4500</leader>
  <controlfield tag="001">33405</controlfield>
  <controlfield tag="003">FINmELB</controlfield>
  <controlfield tag="005">20241216220823.0</controlfield>
  <controlfield tag="006">m     o  d |      </controlfield>
  <controlfield tag="007">cr cnu||||||||</controlfield>
  <controlfield tag="008">210616s2020    ck abd gob    000 0 spa d</controlfield>
  <datafield tag="020" ind1=" " ind2=" ">
    <subfield code="z">9789587634099</subfield>
  </datafield>
  <datafield tag="035" ind1=" " ind2=" ">
    <subfield code="a">(OCoLC)1257034734</subfield>
  </datafield>
  <datafield tag="040" ind1=" " ind2=" ">
    <subfield code="a">FINmELB</subfield>
    <subfield code="b">spa</subfield>
    <subfield code="e">rda</subfield>
    <subfield code="c">FINmELB</subfield>
  </datafield>
  <datafield tag="050" ind1=" " ind2="4">
    <subfield code="a">HX73</subfield>
    <subfield code="b">.B846 2020</subfield>
  </datafield>
  <datafield tag="080" ind1=" " ind2=" ">
    <subfield code="a">330.84</subfield>
  </datafield>
  <datafield tag="082" ind1="0" ind2="0">
    <subfield code="a">320.531</subfield>
    <subfield code="2">23</subfield>
  </datafield>
  <datafield tag="245" ind1="0" ind2="0">
    <subfield code="a">Buenos vivires y transiciones :</subfield>
    <subfield code="b">la vida dulce, la vida bella, la vida querida, la vida sabrosa, la vida buena, la vida plenitud: convivir en armon&#xED;a /</subfield>
    <subfield code="c">Aura Isabel Mora, Atawallpa Oviedo Freire, Andr&#xE9;s Avella[y otros 8].</subfield>
  </datafield>
  <datafield tag="264" ind1=" " ind2="1">
    <subfield code="a">Bogot&#xE1; :</subfield>
    <subfield code="b">Corporaci&#xF3;n Universitaria Minuto de Dios. UNIMINUTO :</subfield>
    <subfield code="b">Universidad Cooperativa de Colombia,</subfield>
    <subfield code="c">2020.</subfield>
  </datafield>
  <datafield tag="300" ind1=" " ind2=" ">
    <subfield code="a">1 recurso en l&#xED;nea (281 p&#xE1;ginas) :</subfield>
    <subfield code="b">ilustraciones, mapas</subfield>
  </datafield>
  <datafield tag="336" ind1=" " ind2=" ">
    <subfield code="a">texto</subfield>
    <subfield code="b">txt</subfield>
    <subfield code="2">rdacontent/spa</subfield>
  </datafield>
  <datafield tag="337" ind1=" " ind2=" ">
    <subfield code="a">computadora</subfield>
    <subfield code="b">c</subfield>
    <subfield code="2">rdamedia/spa</subfield>
  </datafield>
  <datafield tag="338" ind1=" " ind2=" ">
    <subfield code="a">recurso en l&#xED;nea</subfield>
    <subfield code="b">cr</subfield>
    <subfield code="2">rdacarrier/spa</subfield>
  </datafield>
  <datafield tag="504" ind1=" " ind2=" ">
    <subfield code="a">Incluye referencias bibliogr&#xE1;ficas.</subfield>
  </datafield>
  <datafield tag="505" ind1="0" ind2=" ">
    <subfield code="a">P&#xC1;GINA LEGAL -- LISTA DE FIGURAS -- LISTA DE TABLAS -- &#xCD;NDICE -- PR&#xD3;LOGO -- INTRODUCCI&#xD3;N -- CAP&#xCD;TULO 1. BUEN VIVIR, CONVIVIR EN ARMON&#xCD;A: PARADIGMA NO CAPITALISTA -- &#xBF;EL BUEN VIVIR ES UN PARADIGMA? -- EL BUEN VIVIR: &#xBF;PARADIGMA NO CAPITALISTA? -- EL PARADIGMA COMUNITARIO: CONVIVIR EN ARMON&#xCD;A -- LA CONFIGURACI&#xD3;N COMUNITARIA Y COMUNAL -- REFERENCIAS -- CAP&#xCD;TULO 2. EL DESMORONAMIENTO DE LA CREENCIA EN EL ESTADO: BUEN VIVIR Y (...) -- EL ESTADO: LA FORMA DEL CAPITAL -- DE HACER LA EMANCIPACI&#xD3;N -- ALGUNAS CLAVES DE FORMAS -- REFERENCIAS -- CAP&#xCD;TULO 3. CAMINANDO DE LA MANO DE OTROS BUENOS VIVIRES EN EL SURESTE (...) -- SOBRE LA PERSPECTIVA EPISTEMOL&#xD3;GICA, EST&#xC9;TICA Y METODOL&#xD3;GICA -- BREVE (PERO NECESARIA) HISTORIA DE SAN CRIST&#xD3;BAL DE LAS CASAS -- CUATRO LECTURAS DE PRODUCCI&#xD3;N DE LA VIDA SOCIAL EN SAN CRIST&#xD3;BAL DE LAS CASAS (...) --  VIDA PLENA-DIGNA-JUSTA DESDE EL -- EL -- EL TIANGUIS AGROECOL&#xD3;GICO:  COMIDA SANA Y CERCANA -- EL CAMBALACHE:  NO SE TRATA DE ACUMULAR, SINO DE COMPARTIR -- OVENTIC:  LA AUTONOM&#xCD;A COMO ONTOLOG&#xCD;A MESTIZA APLICADA -- ALGUNAS REFLEXIONES DERIVADAS DE LA EXISTENCIA DE ESTOS BUENOS VIVIRES EN EL (...) -- REFERENCIAS -- CAP&#xCD;TULO 4. MIRADAS COMUNITARIAS DEL SUMAQ KAWSAY EN EL ATHUN AYLLU AMARETE -- TERRITORIO -- VIDA COTIDIANA DE LOS AMARETE&#xD1;OS -- CONSERVACI&#xD3;N DE ALIMENTOS -- PLANTAS MEDICINALES -- LOS CICLOS DE PRODUCCI&#xD3;N -- ADORNOS Y ARTES -- MITOS -- EDUCACI&#xD3;N -- EL VIVIR BIEN DESDE LA SABIDUR&#xCD;A DE LOS PUEBLOS IND&#xCD;GENAS -- CAP&#xCD;TULO 5. BUEN VIVIR: PRIMER PENSAMIENTO INTERAMERICANO -- CONSTITUCIONALIZACI&#xD3;N DEL BUEN VIVIR -- CUESTIONAMIENTOS AL BUEN VIVIR -- EL PLAN NACIONAL DEL BUEN VIVIR -- &#xBF;EXISTE UN PENSAMIENTO LATINOAMERICANO? -- REFERENCIAS -- CAP&#xCD;TULO 6. REVITALIZACI&#xD3;N CULTURAL DESPU&#xC9;S DEL MACHAKUTIK PARA EL BUEN VIVIR (...) -- DESPERTAR DEL MACHAKUTIK COMO ESPERANZA DE LOS PUEBLOS Y NACIONALIDADES -- EL BUEN VIVIR DEL SER COMUNITARIO -- TRANSICI&#xD3;N, MODERNIDADES Y BUEN VIVIR DESDE LA COSMOVISI&#xD3;N IND&#xCD;GENA -- PERSPECTIVA DEL DI&#xC1;LOGO DE SABERES DE LOS PUEBLOS Y NACIONALIDADES IND&#xCD;GENAS -- REFERENCIAS -- CAP&#xCD;TULO 7. UN MARCO PARA PENSAR LAS TRANSICIONES A OTROS MUNDOS POSIBLES -- DEL POSTDESARROLLO A LA EMERGENCIA DEL MARCO DE LAS TRANSICIONES -- LA PERSPECTIVA DEL BUEN VIVIR -- LA POSTURA RADICAL DEL DECRECIMIENTO -- CONSIDERACIONES FINALES -- REFERENCIAS -- CAP&#xCD;TULO 8. LA VIDA DULCE Y LA COMUNICACI&#xD3;N C&#xD3;SMICA CO-CO -- LA COMUNICACI&#xD3;N C&#xD3;SMICA (CO-CO) -- MICROY MACROCOSMOS ESENCIAL Y COTIDIANO -- LA CONTEMPLACI&#xD3;N COMO ESTADO SACRO -- LA SINTON&#xCD;A CON EL UNIVERSO -- LA COMUNICACI&#xD3;N EN EL TIEMPO DE AI&#xD3;N -- REFERENCIAS -- CONCLUSIONES.</subfield>
  </datafield>
  <datafield tag="520" ind1=" " ind2=" ">
    <subfield code="a">Este libro es un reconocimiento y un medio para visibilizar las tensiones y disputas alrededor del buen vivir. Se muestra desde el debate acerca del tema y al mismo tiempo se desarrolla mostrando sus potencialidades y nuevos rumbos alrededor de los movimientos sociales.</subfield>
  </datafield>
  <datafield tag="588" ind1=" " ind2=" ">
    <subfield code="a">Descripci&#xF3;n basada en metadatos suministrados por el editor y otras fuentes.</subfield>
  </datafield>
  <datafield tag="590" ind1=" " ind2=" ">
    <subfield code="a">Recurso electr&#xF3;nico. Santa Fe, Arg.: elibro, 2021. Disponible v&#xED;a World Wide Web. El acceso puede estar limitado para las bibliotecas afiliadas a elibro.</subfield>
  </datafield>
  <datafield tag="650" ind1=" " ind2="0">
    <subfield code="a">Socialism</subfield>
    <subfield code="z">Latin America.</subfield>
  </datafield>
  <datafield tag="650" ind1=" " ind2="0">
    <subfield code="a">Quality of life</subfield>
    <subfield code="v">Case studies.</subfield>
  </datafield>
  <datafield tag="650" ind1=" " ind2="0">
    <subfield code="a">Sociology</subfield>
    <subfield code="z">Latin America.</subfield>
  </datafield>
  <datafield tag="650" ind1=" " ind2="0">
    <subfield code="a">Capitalism</subfield>
    <subfield code="v">Case studies.</subfield>
  </datafield>
  <datafield tag="650" ind1=" " ind2="4">
    <subfield code="a">Socialismo</subfield>
    <subfield code="x">Investigaciones</subfield>
    <subfield code="z">Am&#xE9;rica Latina.</subfield>
  </datafield>
  <datafield tag="650" ind1=" " ind2="4">
    <subfield code="a">Calidad de vida</subfield>
    <subfield code="x">Estudio de casos</subfield>
    <subfield code="z">Am&#xE9;rica Latina.</subfield>
  </datafield>
  <datafield tag="650" ind1=" " ind2="4">
    <subfield code="a">Sociolog&#xED;a</subfield>
    <subfield code="z">Am&#xE9;rica Latina.</subfield>
  </datafield>
  <datafield tag="650" ind1=" " ind2="4">
    <subfield code="a">Responsabilidad del estado</subfield>
    <subfield code="x">Investigaciones.</subfield>
  </datafield>
  <datafield tag="650" ind1=" " ind2="4">
    <subfield code="a">Capitalismo</subfield>
    <subfield code="x">Estudio de casos.</subfield>
  </datafield>
  <datafield tag="655" ind1=" " ind2="4">
    <subfield code="a">Libros electr&#xF3;nicos.</subfield>
  </datafield>
  <datafield tag="700" ind1="1" ind2=" ">
    <subfield code="a">Oviedo Freire, Atawallpa.</subfield>
  </datafield>
  <datafield tag="700" ind1="1" ind2=" ">
    <subfield code="a">Avella, Andr&#xE9;s.</subfield>
  </datafield>
  <datafield tag="700" ind1="1" ind2=" ">
    <subfield code="a">Vega Sillo, Elisa.</subfield>
  </datafield>
  <datafield tag="700" ind1="1" ind2=" ">
    <subfield code="a">Campuzano Rodr&#xED;guez, Catalina.</subfield>
  </datafield>
  <datafield tag="700" ind1="1" ind2=" ">
    <subfield code="a">Simba&#xF1;a Pillajo, Fredy.</subfield>
  </datafield>
  <datafield tag="700" ind1="1" ind2=" ">
    <subfield code="a">S&#xE1;nchez, Jorge Helberth.</subfield>
  </datafield>
  <datafield tag="700" ind1="1" ind2=" ">
    <subfield code="a">Plaza Zu&#xF1;iga, Jeannette.</subfield>
  </datafield>
  <datafield tag="700" ind1="1" ind2=" ">
    <subfield code="a">Giraldo, Omar Felipe.</subfield>
  </datafield>
  <datafield tag="700" ind1="1" ind2=" ">
    <subfield code="a">Lora, Patricia.</subfield>
  </datafield>
  <datafield tag="700" ind1="1" ind2=" ">
    <subfield code="a">Solano Salinas, Rigoberto.</subfield>
  </datafield>
  <datafield tag="797" ind1="2" ind2=" ">
    <subfield code="a">elibro, Corp.</subfield>
  </datafield>
  <datafield tag="856" ind1="4" ind2="0">
    <subfield code="u">https://elibro.net/ereader/politecnicointernacional/149771</subfield>
  </datafield>
  <datafield tag="999" ind1=" " ind2=" ">
    <subfield code="c">33405</subfield>
    <subfield code="d">33405</subfield>
  </datafield>
</record>
